Dissertazione ed ode programmatica letta nella solenne distribuzione dei premi il dì 20 agosto 1857 nel ginnasio convitto di Martinengo

Gespeichert in:
Bibliographische Detailangaben
1. Verfasser: Gorio, Giuseppe.
Format: Buch
Sprache:Italienisch
Erschienen: Bergamo Natali 1857
Katalog:EDISCO:  Suchergebnis im Bibliothekskatalog
Schulbuchspezifische Eigenschaften:
Tags: Tag hinzufügen
Keine Tags, Fügen Sie den ersten Tag hinzu!
Hinzugefügt zu:30.04.2016
Geändert in:18.10.2017

MARC

LEADER 00000aam a22000007 4500
001 04282
003 OSt
005 20171018094100.0
008 160501s1857 it 000 0 ita
040 |c Gianfranco Bandini - Firenze - CLIO 
041 1 |a ita 
100 1 |a Gorio, Giuseppe. 
245 0 0 |a Dissertazione ed ode programmatica letta nella solenne distribuzione dei premi il dì 20 agosto 1857 nel ginnasio convitto di Martinengo 
260 |a Bergamo  |b Natali  |c 1857 
300 |a 21, 1/x ;  
901 |a 7 
942 |2 ddc  |c BK 
546 |a ita 
999 |c 4271  |d 4271 
999 |c edisco:4271  |d 4271